000
00299nam a22001217a 4500
008
230703b xxu||||| |||| 00| 0 eng d
082
_a
346
_b
KAT
100
_c
COM
245
_a
The Law of Business Organ izations in East and Central Africa
260
_a
_b
EALB
300
_a
1231p
942
_2
ddc
_c
BK
999
_c
3519
_d
3519